Statistics for Countries that use the US Dollar

Click here to take the quiz!

General Stats

  • This quiz has been taken 41 times
  • The average score is 5 of 10

Answer Stats

Continent Country % Correct
North AmericaUnited States
86%
OceaniaPalau
71%
OceaniaMarshall Islands
66%
OceaniaF.S. Micronesia
66%
North AmericaPanama
66%
South AmericaEcuador
63%
North AmericaEl Salvador
46%
AsiaEast Timor
34%
AfricaZimbabwe
34%
AsiaCambodia
11%

Score Distribution

Percentile by Number Answered

Percent of People with Each Score

Your Score History

You have not taken this quiz